Name The Music Artist By the Picture - Statistics

General Stats
  • This quiz has been taken 76 times
  • The average score is 14 of 20
Answer Stats
Picture Answer % Correct
ed sheeran
97%
michael jackson
97%
adele
95%
taylor swift
94%
billie eilish
92%
eminem
89%
lady gaga
88%
beyonce
86%
ariana grande
80%
britney spears
77%
travis scott
66%
the weeknd
65%
rhianna
63%
lana del rey
58%
sza
58%
lorde
57%
tate mcrae
49%
asap rocky
43%
charli xcx
42%
frank ocean
31%
No matching quizzes found
Score Distribution
Percent of People with Each Score
Percentile by Number Answered
Your Score History
You have not taken this quiz